Fantasías mágicas / (Record no. 124242)

MARC details
000 -LEADER
campo de control de longitud fija 00631nam a2200193 4500
001 - NÚMERO DE CONTROL
campo de control 124242
003 - IDENTIFICADOR DE NÚMERO DE CONTROL
campo de control ES-MaACL
007 - CAMPO FIJO DE DESCRIPCIÓN FÍSICA--INFORMACIÓN GENERAL
campo de control de longitud fija t|
008 - DATOS DE LONGITUD FIJA--INFORMACIÓN GENERAL
campo de control de longitud fija 070214s1954 sp r ||||1| spa d
100 1# - ENTRADA PRINCIPAL--NOMBRE DE PERSONA
Nombre de persona Rasid, T.
9 (RLIN) 95488
245 10 - MENCIÓN DEL TÍTULO
Título Fantasías mágicas /
Mención de responsabilidad, etc. T. Rasid ; prólogo de Mario Montoya Toro.
260 ## - PUBLICACIÓN, DISTRIBUCIÓN, ETC.
Lugar de publicación, distribución, etc. Barcelona :
Nombre del editor, distribuidor, etc. Sintes,
Fecha de publicación, distribución, etc. 1954.
300 ## - DESCRIPCIÓN FÍSICA
Extensión 192 p. :
Otras características físicas il. ;
Dimensiones 23 cm.
490 1# - MENCIÓN DE SERIE
Mención de serie Biblioteca de juegos de prestidigitación e ilusión
700 1# - ENTRADA AGREGADA--NOMBRE PERSONAL
Nombre de persona Montoya Toro, Mario.
9 (RLIN) 82716
830 0# - PUNTO DE ACCESO ADICIONAL DE SERIE-TÍTULO UNIFORME
Título uniforme Biblioteca de juegos de prestidigitación e ilusión
9 (RLIN) 218997
852 ## - LOCALIZACIÓN
Ubicación ES-MaACL
Número de control de estantería C-9222
Sublocalización o colección R.37183
Holdings
Estatus retirado Estado de pérdida Estado de daño No para préstamo Biblioteca de origen Biblioteca actual Ubicación en estantería Fecha de adquisición Fuente de adquisición Total de préstamos Signatura topográfica completa Código de barras Visto por última vez Precio de reemplazo Tipo de ítem Koha
        Biblioteca del Ateneo de Madrid Biblioteca del Ateneo de Madrid Sala Palomar 17/01/2008     C-9222 1129435 23/02/2023 23/02/2023 Libro impreso